<?xml version="1.0" encoding="UTF-8"?><?xml-stylesheet type="text/xsl" href="static/style.xsl"?><OAI-PMH xmlns="http://www.openarchives.org/OAI/2.0/" xmlns:xsi="http://www.w3.org/2001/XMLSchema-instance" xsi:schemaLocation="http://www.openarchives.org/OAI/2.0/ http://www.openarchives.org/OAI/2.0/OAI-PMH.xsd"><responseDate>2026-04-17T16:55:56Z</responseDate><request verb="GetRecord" identifier="oai:www.recercat.cat:2117/125235" metadataPrefix="marc">https://recercat.cat/oai/request</request><GetRecord><record><header><identifier>oai:recercat.cat:2117/125235</identifier><datestamp>2025-07-17T14:03:31Z</datestamp><setSpec>com_2072_1033</setSpec><setSpec>col_2072_452950</setSpec></header><metadata><record xmlns="http://www.loc.gov/MARC21/slim" xmlns:dcterms="http://purl.org/dc/terms/" xmlns:xsi="http://www.w3.org/2001/XMLSchema-instance" xmlns:doc="http://www.lyncode.com/xoai" xsi:schemaLocation="http://www.loc.gov/MARC21/slim http://www.loc.gov/standards/marcxml/schema/MARC21slim.xsd">
   <leader>00925njm 22002777a 4500</leader>
   <datafield ind2=" " ind1=" " tag="042">
      <subfield code="a">dc</subfield>
   </datafield>
   <datafield ind2=" " ind1=" " tag="720">
      <subfield code="a">Arias Montenegro, Francisco Javier</subfield>
      <subfield code="e">author</subfield>
   </datafield>
   <datafield ind2=" " ind1=" " tag="260">
      <subfield code="c">2018-01</subfield>
   </datafield>
   <datafield ind2=" " ind1=" " tag="520">
      <subfield code="a">It is known that the Martian atmosphere contains a large amount of suspended dust. The saltation process, or gravitational settlement of atmospheric dust, onto the surface of solar arrays can affect the utility of solar power on any Mars mission, especially for long term operations. This can be a special issue for the case of a future Sample Fetching Rover (SFR) mission where the current baseline architecture uses a solar array and where dust storms can jeopardize the entire mission, not only affecting the supply of energy for locomotion but for the communication with the Mars Ascent Vehicle (MAV). Dust-removal techniques have been classified into four categories: natural, mechanical, electromechanical, and electrostatic. Here; a novel approach is explored, based on the magnetic properties of the martian dust which according to the data from the NASA ?s Mars Exploration Rover Spirit, contains mostly the strong magnetic mineral magnetite (Fe3O4). If so, the magnetic dipoles (dust grains) may be accelerated by the gradient of a magnetic field and then forcibly propelled as a stream of energetic dust against the surface of the solar array to remove the dust settled there, i.e., a dust cleaning dust concept, which could be called dustblasting, and has the advantage that it does not require any mechanical parts, and the magnetic field can be generated with a discrete input of electricity which can be obtained from the solar array itself.</subfield>
   </datafield>
   <datafield ind2=" " ind1=" " tag="520">
      <subfield code="a">Peer Reviewed</subfield>
   </datafield>
   <datafield ind2=" " ind1=" " tag="520">
      <subfield code="a">Postprint (author's final draft)</subfield>
   </datafield>
   <datafield tag="653" ind2=" " ind1=" ">
      <subfield code="a">Àrees temàtiques de la UPC::Física::Astronomia i astrofísica</subfield>
   </datafield>
   <datafield tag="653" ind2=" " ind1=" ">
      <subfield code="a">Dust</subfield>
   </datafield>
   <datafield tag="653" ind2=" " ind1=" ">
      <subfield code="a">Mars (Planet)</subfield>
   </datafield>
   <datafield tag="653" ind2=" " ind1=" ">
      <subfield code="a">Space vehicles</subfield>
   </datafield>
   <datafield tag="653" ind2=" " ind1=" ">
      <subfield code="a">Mars dust removal techniques</subfield>
   </datafield>
   <datafield tag="653" ind2=" " ind1=" ">
      <subfield code="a">Mars dust detection</subfield>
   </datafield>
   <datafield tag="653" ind2=" " ind1=" ">
      <subfield code="a">Sample Fetching Rover (MSR)</subfield>
   </datafield>
   <datafield tag="653" ind2=" " ind1=" ">
      <subfield code="a">Solar array</subfield>
   </datafield>
   <datafield tag="653" ind2=" " ind1=" ">
      <subfield code="a">Sorra</subfield>
   </datafield>
   <datafield tag="653" ind2=" " ind1=" ">
      <subfield code="a">Mart (Planeta)</subfield>
   </datafield>
   <datafield tag="653" ind2=" " ind1=" ">
      <subfield code="a">Vehicles espacials</subfield>
   </datafield>
   <datafield ind2="0" ind1="0" tag="245">
      <subfield code="a">Magnetic Mars dust removal technology: a dustblasting technique for Mars</subfield>
   </datafield>
</record></metadata></record></GetRecord></OAI-PMH>